00373nam a2200157Ia 4500003000400000005001700004008004100021040000700062041000800069082001600077100002000093245004400113260003500157300000900192650001400201OSt20260312153652.0250729s2009 xx 000 0 und d cAL akan a370.15 PUTB aDr.N.Puttaswami aBhodhana prakriye mattu shala nirvahane aMysorebB N P Prakashanac2009 a555p aEducation